| 000 | 00741nam a22002057a 4500 | ||
|---|---|---|---|
| 005 | 20100818141830.0 | ||
| 010 | _aENG-100876 | ||
| 020 |
_a9788190715232 _c50.00 |
||
| 035 | _aEN-84409 | ||
| 037 | _bDBAD/PUB | ||
| 082 | _a808.6 | ||
| 100 |
_aArumairaj, A. Athisayam _914772 |
||
| 245 |
_aThe art of letter writing / _cby A. Athisayam Arumairaj |
||
| 260 |
_aChennai _bVizhichudar Pathippagam _c2008 |
||
| 270 |
_a38, Bharathi Nagar Muthanmai Salai, Kolathur _bChennai _e609609 |
||
| 300 |
_a92p. _c21cm (pbk) |
||
| 650 |
_aLetter Writing _914773 |
||
| 942 |
_2ddc _cEN _h808.6 _mARU |
||
| 999 |
_c42422 _d42422 |
||